000
00321nam a2200121Ia 4500
008
231129s9999||||xx |||||||||||||| ||spa||
020
_a
958-693-699-6 (obra
040
_b
spa
082
_a
R 036 L697s
245
0
_a
El Libro del saber
264
_a
Periódicos Asociados
942
_2
ddc
_c
BKS
999
_c
11566
_d
11566